[Event "13th Norway Chess 2025"]
[Site "Stavanger NOR"]
[Date "2025.05.28"]
[Round "3.2"]
[White "Carlsen, Magnus"]
[Black "Wei, Yi"]
[Result "0-1"]
[WhiteElo "2837"]
[BlackElo "2758"]
[Annotator "Crowther,Mark"]
[PlyCount "64"]
[EventDate "2025.05.26"]

1. d4 Nf6 2. Bf4 g6 3. Nc3 d5 4. e3 Bg7 5. h4 h5 6. Nf3 {A45: Trompowsky Attack.} (6. Nb5 $5 Na6 $8 7. Nc3 $11) 6... O-O 7. Ne5 c5 $1 8. Qd2 {The position is equal.} Bf5 9. f3 cxd4 10. exd4 {[%cal Og2g4]} Nc6 11. Bb5 Nxe5 12. dxe5 Nd7 13. Bxd7 $146 (13. O-O-O {keeps more tension.} Nxe5 14. Qe3 Qc7 15. Rhe1) (13. O-O-O Nxe5 14. Rhe1 Nc6 15. Bh6 Rc8 16. Bxg7 Kxg7 17. Bxc6 Rxc6 18. g4 hxg4 19. fxg4 {0-1 Praggnanandhaa,R (2741)-Wei,Y (2755) Chessable Masters Winners Chess.com INT rapid 2025 (1.1)}) ({RR} 13. O-O-O Nxe5 14. Rhe1 Nc6 15. Bh6 Bxh6 16. Qxh6 e6 17. g4 hxg4 18. h5 Qf6 19. fxg4 Bxg4 20. Rg1 Ne5 21. Rde1 Bf5 22. Qf4 Nc6 23. Bd3 Qd4 24. Qg3 Bxd3 25. cxd3 Nb4 26. Kd2 Kg7 27. hxg6 f5 {Erigaisi,A (2725)-Paravyan,D (2592) Chess.com INT 2022 1-0}) ({RR} 13. O-O-O Nxe5 14. Rhe1 d4 15. Bxe5 Bxe5 16. Rxe5 dxc3 17. Qxc3 Qb6 18. Qd4 Rac8 19. c3 Qxd4 20. Rxd4 Rc7 21. g4 hxg4 22. fxg4 Be6 23. a4 Kg7 24. h5 Rh8 25. Bd3 gxh5 26. gxh5 b6 27. Be2 Rc5 {Erigaisi,A (2718)-Giri,A (2764) chess24.com INT 2022 1-0 (56)}) ({RR} 13. O-O-O Nxe5 14. Rhe1 Nc6 15. Bh6 e5 16. Bxg7 Kxg7 17. Qxd5 Qxh4 18. Bxc6 bxc6 19. Qxe5+ Qf6 20. Qxf6+ Kxf6 21. Rd6+ Kg5 22. Rxc6 Rfe8 23. Re2 Kf4 24. Kd2 Rad8+ 25. Ke1 Kg3 26. Ne4+ Rxe4 27. fxe4 Bg4 {Jyotshnav Talukdar (1990)-Kandi Santosh Sai Karthik (2097) Bhubaneswar IND 2025 ½-½}) ({RR} 13. O-O-O Nxe5 14. Rhe1 Nc6 15. Bh6 Bxh6 16. Qxh6 e6 17. g4 hxg4 18. h5 Qf6 19. fxg4 Bxg4 20. Rg1 Ne5 21. Rde1 Bf5 22. Qf4 Nc6 23. Bd3 Qd4 24. Qg3 Bxd3 25. cxd3 Nb4 26. Kd2 Kg7 27. hxg6 f5 {Erigaisi,A (2725)-Paravyan,D (2592) Chess.com INT 2022 1-0}) ({RR} 13. Qxd5 Nb6 14. Qxd8 Rfxd8 15. Rc1 Rac8 16. O-O Nc4 17. Bxc4 Rxc4 18. g3 a6 19. Rfd1 Rxd1+ 20. Rxd1 b5 21. Rd2 f6 22. Nd5 fxe5 23. Nxe7+ Kf7 24. Nxf5 gxf5 25. Bg5 Ke6 26. Kf2 e4 27. c3 a5 {Erigaisi,A (2712)-Grischuk,A (2732) Kolkata IND 2023 1-0 (55)}) ({RR} 13. O-O-O Nxe5 14. Rhe1 d4 15. Bxe5 Bxe5 16. Rxe5 dxc3 17. Qxc3 Qb6 18. Qd4 Rac8 19. c3 Qxd4 20. Rxd4 Rc7 21. g4 hxg4 22. fxg4 Be6 23. a4 Kg7 24. h5 Rh8 25. Bd3 gxh5 26. gxh5 b6 27. Be2 Rc5 {Erigaisi,A (2718)-Giri,A (2764) chess24.com INT 2022 1-0 (56)}) ({RR} 13. O-O-O Nxe5 14. Rhe1 Nc6 15. Bh6 e5 16. Bxg7 Kxg7 17. Qxd5 Qxh4 18. Bxc6 bxc6 19. Qxe5+ Qf6 20. Qxf6+ Kxf6 21. Rd6+ Kg5 22. Rxc6 Rfe8 23. Re2 Kf4 24. Kd2 Rad8+ 25. Ke1 Kg3 26. Ne4+ Rxe4 27. fxe4 Bg4 {Jyotshnav Talukdar (1990)-Kandi Santosh Sai Karthik (2097) Bhubaneswar IND 2025 ½-½}) 13... Qxd7 14. O-O-O {[%eval -76,27] [%wdl 0,759,241]} (14. Nxd5 $15 {[%eval -40,23] [%wdl 1,949,50]} Rfd8 15. c4) 14... Rac8 15. Qxd5 {[#]} Rxc3 $1 {[%mdl 64] Remove Defender} 16. Qxd7 (16. bxc3 $2 Qa4 17. Qd2 Rc8 $19 (17... Qxa2 18. Qe2 $17)) 16... Rxc2+ 17. Kb1 {[%cal Od7f5] and Qxf5! should not be overlooked} Rxg2+ 18. Qxf5 $1 gxf5 19. Rd7 Rc8 {[%eval -5,24] [%wdl 2,994,4]} ({Better is} 19... e6 $15 {[%eval -65,22] [%wdl 0,887,113]}) 20. Rxe7 $11 Rc4 21. Bc1 {[%cal Ob2b3]} b5 22. Rd1 Rxh4 23. Rd8+ Kh7 $1 24. Rxf7 $2 {[%eval -181,19] [%wdl 0,9,991] A mistake.} ({Only move:} 24. Rd1 $1 $15 {[%eval -33,21] [%wdl 0,979,21]}) 24... Rh1 $19 {and ...h4 should not be overlooked This costs White the game.} 25. Rxf5 $2 {[%eval -528,24] [%wdl 0,0,1000] A second an now fatal blunder.} (25. Rc7 $17 {[%eval -155,21] [%wdl 0,40,960]}) 25... Kg6 {[%mdl 64] Deflection} 26. Rf4 Rgg1 {[%csl Gh1][%cal Rg1c1]} 27. Rd6+ Kh7 {[%csl Gh1][%cal Rg1c1]} 28. a4 (28. Rc6 Rxc1+ (28... Bxe5 29. Rf7+ Bg7 30. Rxa7 $17) 29. Rxc1 Rxc1+ 30. Kxc1 Bh6 (30... Bxe5 $2 {perishes.} 31. Rf5 $18)) 28... Rxc1+ 29. Ka2 Bxe5 30. Rf7+ Kg8 31. Rdd7 bxa4 32. Ka3 Rc4 0-1

[Event "13th Norway Chess 2025"]
[Site "Stavanger NOR"]
[Date "2025.05.28"]
[Round "3.2"]
[White "Carlsen, Magnus"]
[Black "Wei, Yi"]
[Result "1/2-1/2"]
[WhiteElo "2837"]
[BlackElo "2758"]
[Annotator "Crowther,Mark"]
[PlyCount "101"]
[EventDate "2025.05.26"]

1. d4 Nf6 2. c4 e6 3. Nf3 d5 4. g3 Be7 5. Bg2 O-O 6. O-O dxc4 7. Qc2 a6 8. a4 Bd7 9. Qxc4 Bc6 10. Bg5 Bd5 11. Qc2 Be4 12. Qc1 Nc6 13. e3 {E05: Open Catalan: 5 Nf3 Be7.} Bb4 $1 {[%mdl 4] [#] ...Qd5 is the strong threat. is more profitable than 13...Nb4 at the moment.} 14. Qd1 h6 15. Bxf6 Qxf6 16. Nc3 Bxc3 17. bxc3 Na5 18. Ne5 Bxg2 19. Kxg2 Rfd8 {Against Nd7} 20. Qb1 $146 (20. Rb1 c5 21. Qe2 Rac8 22. Rfc1 Rc7 23. Nd3 c4 24. Nc5 e5 25. Qf3 Qg6 26. Rd1 exd4 27. exd4 {1-0 Injac,T (2431)-Milovic,A (2130) EU-chT (Women) 24th Budva 2023 (1.15)}) ({RR} 20. Rb1 c5 21. Qe2 Rac8 22. Rfc1 Rc7 23. Nd3 c4 24. Nc5 e5 25. Qf3 Qg6 26. Rd1 exd4 27. exd4 Qc2 28. Re1 Nb3 29. Ne4 Qa2 30. Nc5 Qc2 31. Qf4 Rdc8 32. Ne4 Rd7 33. Nf6+ gxf6 34. Qg4+ Qg6 {Injac,T (2431)-Mijovic,A (2130) Budva MNE 2023 1-0 (41)}) ({RR} 20. Rb1 c5 21. Qe2 Rac8 22. Rfc1 Rc7 23. Nd3 c4 24. Nc5 e5 25. Qf3 Qg6 26. Rd1 exd4 27. exd4 Qc2 28. Re1 Nb3 29. Ne4 Qa2 30. Nc5 Qc2 31. Qf4 Rdc8 32. Ne4 Rd7 33. Nf6+ gxf6 34. Qg4+ Qg6 {Injac,T (2431)-Mijovic,A (2130) Budva MNE 2023 1-0 (41)}) ({RR} 20. Rb1 c5 21. Qe2 Rac8 22. Rfc1 Rc7 23. Nd3 c4 24. Nc5 e5 25. Qf3 Qg6 26. Rd1 exd4 27. exd4 Qc2 28. Re1 Nb3 29. Ne4 Qa2 30. Nc5 Qc2 31. Qf4 Rdc8 32. Ne4 Rd7 33. Nf6+ gxf6 34. Qg4+ Qg6 {Injac,T (2431)-Mijovic,A (2130) Budva MNE 2023 1-0 (41)}) 20... Rac8 21. Rd1 c5 22. Qb6 {[%csl Ba5,Bc5]} cxd4 23. cxd4 Rd5 {[%eval 77,26] [%wdl 219,781,0]} (23... Rc2 $14 {[%eval 33,28] [%wdl 26,973,1]} 24. Rf1 Nc6) 24. Rdc1 $16 Qd8 25. Qb4 {White is much more active.} Rc7 26. Rc3 {[%eval 7,25] [%wdl 6,991,3]} (26. h4 $16 {[%eval 114,26] [%wdl 681,319,0]}) 26... Rxc3 $1 $11 27. Qxc3 Rd6 $1 {[%cal Bd5d6,Bd6c6,Bc6c4][%mdl 32]} 28. Rb1 f6 29. Ng6 Qe8 {[%csl Ba4,Bg6]} 30. Qc2 {Black is weak on the dark squares} Kf7 31. h4 Qc6+ 32. Qxc6 Rxc6 {[%mdl 4096] Endgame KRN-KRN} 33. h5 Rc4 34. Kf3 Ke8 $6 {[%eval 76,23] [%wdl 201,799,0] Giving Carlsen some chances.} (34... Rxa4 $11 {[%eval 0,30] [%wdl 3,994,3]} 35. Rb6 Rc4) 35. Nf4 $1 $16 Ke7 36. g4 $2 {[%eval 6,26] [%wdl 4,994,2] The position is now equal.} (36. Nd3 $16 {[%eval 82,26] [%wdl 264,736,0]}) 36... e5 37. Ng6+ Ke6 $1 38. dxe5 fxe5 39. Rb6+ Rc6 $1 40. Rb2 Rc4 41. Ra2 Nb3 42. Nh4 Nc5 43. Nf5 Rxa4 44. Rc2 b6 45. Rd2 Ne4 46. Nxg7+ Kf6 47. Rd7 Ng5+ 48. Kg3 Ne4+ 49. Kf3 Ng5+ 50. Kg3 {Threatens to win with Nf5.} Ne4+ 51. Kf3 1/2-1/2

[Event "13th Norway Chess 2025"]
[Site "Stavanger NOR"]
[Date "2025.06.02"]
[Round "7.2"]
[White "Carlsen, Magnus"]
[Black "Nakamura, Hikaru"]
[Result "1-0"]
[WhiteElo "2837"]
[BlackElo "2804"]
[Annotator "Tactical Analysis 7.0"]
[PlyCount "79"]
[EventDate "2025.05.26"]

1. d4 d5 2. c4 c6 3. Nf3 Nf6 4. Nc3 dxc4 5. g3 b5 6. Bg2 e6 7. O-O Bb7 8. Ne5 {[%mdl 1024] White has compensation.} Qc8 {E04: Open Catalan: 5 Nf3.} 9. b3 b4 (9... c5 $14) 10. Na4 $1 $16 {White has more active pieces.} (10. Ne4 Nxe4 11. Bxe4 c3 $11) 10... c3 {White is better.} 11. a3 $1 Nbd7 12. axb4 Bxb4 13. Ba3 a5 $146 {[%cal Ba7a5,Ba5b4][%mdl 32] [#]} ({Predecessor:} 13... Bxa3 14. Rxa3 c5 15. Bxb7 Qxb7 16. Nxc5 Nxc5 17. dxc5 O-O 18. c6 Qb5 19. Qd4 c2 20. Qc3 Ne4 {0-1 Sarkar,J (2338)-Nasuta,G (2518) Titled Tuesday intern op 31st Aug Chess.com INT blitz 2021 (2)}) ({RR} 13... Bxa3 14. Rxa3 c5 15. Bxb7 Qxb7 16. Nxc5 Nxc5 17. dxc5 O-O 18. c6 Qb5 19. Qd4 c2 20. Qc3 Ne4 {0-1 (20) Sarkar,J (2338)-Nasuta,G (2518) Chess.com INT 2021}) ({RR} 13... Bxa3 14. Rxa3 O-O 15. Nc5 Nxc5 16. dxc5 Rd8 17. Qc1 Nd5 18. Nc4 Ba6 19. Re1 Bxc4 20. bxc4 Ne7 21. Qxc3 Qc7 22. Ra6 h6 23. Rea1 Rd7 24. Bf3 f5 25. Qa5 Qxa5 26. R1xa5 Rc7 27. e4 fxe4 28. Bxe4 {Kanter,E (2407)-Yudin,S (2548) Khanty-Mansiysk 2013 ½-½ (41)}) ({RR} 13... Bxa3 14. Rxa3 c5 15. Bxb7 Qxb7 16. Nxc5 Nxc5 17. dxc5 O-O 18. c6 Qb5 19. Qd4 c2 20. Qc3 Ne4 {0-1 (20) Sarkar,J (2338)-Nasuta,G (2518) Chess.com INT 2021}) ({RR} 13... Bxa3 14. Rxa3 c5 15. Bxb7 Qxb7 16. Nxc5 Nxc5 17. dxc5 O-O 18. c6 Qb5 19. Qd4 c2 20. Qc3 Ne4 {0-1 (20) Sarkar,J (2338)-Nasuta,G (2518) Chess.com INT 2021}) 14. Nxc3 $1 O-O (14... Bxa3 15. Rxa3) 15. Bxb4 axb4 16. Nxd7 $1 Nxd7 17. Na4 Ba6 18. Qd2 $1 Bb5 19. Rfc1 Ra6 20. e3 (20. Qxb4 $6 Bxe2 21. Qd6 Rd8 $14) 20... Qa8 21. Qxb4 Nb6 {[%cal Rb6a4] [#]} 22. Rc5 $1 Nd5 23. Bxd5 exd5 {Black is weak on the dark squares} 24. Rcc1 h5 {[%cal Bh7h5,Bh5h4][%mdl 32]} 25. h4 (25. Qd2 $16) 25... Re8 (25... Be2 $14) 26. Qc3 Qc8 {[%cal Og7g5] [#]} 27. Nc5 ({Better is} 27. Qc2 $1 $16) 27... Rxa1 $14 28. Rxa1 g5 29. hxg5 {[%cal Oe3e4] Hoping for e4!.} h4 30. e4 $1 (30. gxh4 Qg4+ 31. Kh2 Qxh4+ 32. Kg2 Qg4+ (32... Qxg5+ 33. Kf3 f5 34. Rg1 Qxg1 35. e4 dxe4+ 36. Kf4 Qg4+ 37. Ke3 Qg5+ 38. f4 exf3+ 39. Kxf3 Qg4+ 40. Kf2 Re2+ 41. Kf1 Qg2#) 33. Kh2 Bf1 (33... Qxg5 $2 34. Rg1 $18 {[%mdl 64] Pin}) (33... Kg7 $2 34. Ne6+ Qxe6 35. e4 $19) 34. Rxf1 Kg7) 30... dxe4 {[%cal Oe4e3]} 31. Re1 (31. gxh4 $2 e3 32. f3 Qh3 $19) (31. Qe3 $1 $14 hxg3 32. Qxg3 (32. Nxe4 $2 gxf2+ 33. Kxf2 Qf5+ 34. Qf3 Qxe4 $19)) 31... Qg4 $11 32. Qe3 {[%cal Rc5e4]} hxg3 33. fxg3 (33. Nxe4 gxf2+ 34. Kxf2 Kg7 $17) 33... Kg7 34. Kg2 {[%cal Rc5e4]} Rh8 (34... Qf3+ $11 {remains equal.} 35. Kg1 (35. Qxf3 exf3+ 36. Kf2 Be2 $14) 35... Qg4) 35. Qxe4 {This move loses the game for Black.} Qh3+ {[%mdl 8192]} (35... Qxg5 $16 {is tougher.} 36. Qe5+ Qxe5 37. dxe5 (37. Rxe5 Ra8 $16) 37... Rd8) 36. Kf3 $18 Bf1 {and ...Bg2+ should not be overlooked} 37. Kf4 (37. Qxc6 $2 {loses.} Bg2+ 38. Kf4 Bxc6 $19) 37... Qh2 (37... Bg2 $18 38. Qe5+ (38. Qe7 Rh4+ {[%mdl 64] Deflection} 39. Ke3 Qxg3+ 40. Kd2 Qf2+ 41. Kc1 Bd5 $15) 38... Kg8) 38. Qe5+ {White mates.} ({Weaker is} 38. Rxf1 Rh4+ 39. Ke5 Rxe4+ 40. Nxe4 Qe2 $11) 38... Kg8 39. Rxf1 Qg2 {An entertaining game by Carlsen.  Weighted Error Value: White=0.11 (very precise) /Black=0.40} 40. Ra1 1-0

[Event "13th Norway Chess 2025"]
[Site "Stavanger NOR"]
[Date "2025.06.06"]
[Round "10.1"]
[White "Erigaisi, Arjun"]
[Black "Carlsen, Magnus"]
[Result "1/2-1/2"]
[WhiteElo "2782"]
[BlackElo "2837"]
[Annotator "Tactical Analysis 7.0"]
[PlyCount "111"]
[EventDate "2025.05.26"]

1. d4 d5 2. c4 e6 3. Nc3 Nf6 4. cxd5 exd5 5. Bg5 Be7 6. e3 O-O 7. Bd3 h6 8. Bh4 c6 9. Nge2 Nbd7 10. O-O $1 {10.0-0 is better than 10.Qc2.} a5 {D35: Queen's Gambit Declined: Exchange Variation.} ({RR} 10... Nh5 11. Bxe7 Qxe7 12. Qd2 Re8 13. Rae1 Nb6 14. Nf4 Nf6 15. f3 c5 16. g4 Be6 17. h4 Nh7 18. Qh2 cxd4 19. exd4 Qf6 20. Re5 g6 21. Rfe1 Bd7 22. Ncxd5 Qd6 23. Nxg6 Rxe5 24. Rxe5 Be6 25. Nge7+ {Ding,L (2808)-Abdusattorov,N (2677) Chess.com INT 2022 1-0}) 11. f3 ({RR} 11. Rc1 Re8 12. f3 b5 13. Kh1 Ba6 14. Bf2 Qb8 15. Ng3 b4 16. Nce2 Bxd3 17. Qxd3 c5 18. dxc5 Nxc5 19. Qb1 Bf8 20. Rfd1 Qb5 21. Nf4 Ne6 22. Nf5 Rac8 23. h3 Nxf4 24. exf4 Nh5 25. Nd4 Qd7 {Duda,J (2725)-Carlsen,M (2839) Zagreb CRO 2025 ½-½ (65)}) 11... b5 {[%cal Bb7b5,Bb5b4][%mdl 32]} 12. Qc2 Re8 13. e4 $146 ({RR} 13. a3 Ba6 14. Kh1 Qb8 15. Bg3 Qb7 16. e4 b4 17. Nd1 Bxd3 18. Qxd3 dxe4 19. fxe4 c5 20. e5 Qe4 21. Nf2 Qxd3 22. Nxd3 Nd5 23. dxc5 Nxc5 24. Nxc5 Bxc5 25. Rfd1 Ne3 26. Rdc1 Bf8 27. Nd4 bxa3 {Mesaros,F (2415)-Sebenik,M (2509) Austria 2022 ½-½ (44)}) ({RR} 13. Rae1 Ba6 14. Bf2 Nb6 15. Ng3 b4 16. Bxa6 Rxa6 17. Nd1 Nbd7 18. e4 dxe4 19. fxe4 c5 20. e5 Nd5 21. Nf5 Bf8 22. Bh4 Qb6 23. Nd6 Bxd6 24. Qf5 N7f6 25. exf6 Rxe1 26. Rxe1 Qc6 27. fxg7 cxd4 {Bercaru,V (2065)-Sabuk,P (2375) Roquetas de Mar ESP 2025 1-0 (44)}) ({RR} 13. Kh1 Ba6 14. Rad1 Qb8 ({RR} 14... Qb6 15. Bf2 Rad8 16. e4 dxe4 17. fxe4 Ng4 18. Bg1 Qb8 19. h3 Ngf6 20. e5 Nd5 21. Bh7+ Kh8 22. Rxf7 Nb4 23. Qg6 Bf8 24. Rdf1 Nd5 25. Nxd5 cxd5 26. Nf4 b4 27. Qxa6 Kxh7 28. Qg6+ Kh8 29. Qh5) 15. e4 b4 16. Nb1 Bxd3 17. Qxd3 dxe4 18. fxe4 Nxe4 19. Qxe4 Bxh4 20. Qxc6 Ra7 21. Nf4 Nf6 22. Qf3 Rae7 23. Rd3 Re1 24. Nd2 Bg5 25. g3 Qc8 26. Rxe1 Rxe1+ 27. Kg2 Bxf4 {Sele,T (1699)-Silva,M (2005) Budapest HUN 2024 0-1 (42)}) ({RR} 13. Kh1 Ba6 14. Rad1 Qb8 15. e4 b4 16. Nb1 Bxd3 17. Qxd3 dxe4 18. fxe4 Nxe4 19. Qxe4 Bxh4 20. Qxc6 Ra7 21. Nf4 Nf6 22. Qf3 Rae7 23. Rd3 Re1 24. Nd2 Bg5 25. g3 Qc8 26. Rxe1 Rxe1+ 27. Kg2 Bxf4 {Sele,T (1699)-Silva,M (2005) Budapest HUN 2024 0-1 (42)}) ({RR} 13. Bf2 Bb7 14. h3 Rc8 15. Bf5 g6 16. Bxg6 fxg6 17. Qxg6+ Kh8 18. e4 Nh7 19. e5 b4 20. Nd1 Ba6 21. Re1 Rg8 22. Qxh6 Bg5 23. Qd6 Qe8 24. e6 Qg6 25. Bg3 Ndf6 26. Nf2 Be3 27. Qe5 Bxe2) ({RR} 13. Bf2 Ba6 14. Rad1 Qb6 15. Rfe1 b4 16. Na4 Bxd3 17. Qxd3 Qb5 18. Qc2 Rac8 19. Nf4 c5 20. dxc5 Nxc5 21. Nxc5 Rxc5 22. Qd2 Rec8 23. Qd4 b3 24. axb3 Qxb3 25. Qe5 Bf8 26. Nd3 Rc2 27. Qf5 R8c6 {Anas Khwaira (2173)-Aradhya,G (2383) Al Ain UAE 2025 0-1 (65)}) 13... b4 14. Na4 dxe4 15. fxe4 Nxe4 16. Bxe7 (16. Bxe4 Bxh4 17. Bxc6 Ba6 $17) 16... Qxe7 17. Qxc6 Nef6 $146 ({Predecessor:} 17... Rb8 18. Rae1 Bb7 19. Qb5 Qd6 20. Qf5 Ndf6 21. b3 Rbd8 22. Qxa5 Ng4 23. Qh5 Nef6 {0-1 Wu,D (2225)-Kravtsiv,M (2598) Titled Tuesday intern op 26th Nov Late Chess.com INT blitz 2024 (3)}) 18. Qxa8 $16 (18. Rxf6 $2 Nxf6 19. Qc1 Bg4 $19) 18... Qe3+ 19. Kh1 $1 Qxd3 20. Nf4 Qxd4 21. Rad1 (21. Qxa5 Ng4 $11) 21... Qe5 (21... Qe3 $16) 22. Rc1 $1 $18 Nf8 23. Rxc8 Qxf4 {[%cal Rf4f1][%mdl 64] Deflection, Back Rank} 24. Qa6 $36 {[%mdl 2048] White is on the roll.} Qxf1+ {[%mdl 64] Deflection} 25. Qxf1 Rxc8 26. h3 $1 Rd8 27. Qa6 Rd5 28. Nb6 Rc5 29. Nc4 Ne6 (29... Ng6 $16) 30. Nxa5 g5 31. Nc4 g4 32. b3 gxh3 33. gxh3 Rh5 34. Kh2 (34. Kg2 $1 $16) 34... Kg7 35. Qb7 {[%cal Oc4d6]} Ng5 $1 36. Nd6 {[%cal Oh2g2]} (36. Qxb4 Rxh3+ 37. Kg2 (37. Kg1 h5 $16) 37... Rf3 $16) 36... Rxh3+ 37. Kg2 {[%cal Od6f7]} Rd3 38. Nf5+ Kg6 39. Ne7+ Kh5 40. Qxb4 {[%mdl 8192]} ({White should try} 40. Qa6 $15 Rd2+ 41. Kg3) 40... Nfe4 $19 41. Kf1 Rd2 42. Qb5 $2 (42. Qxd2 Nxd2+ 43. Ke2) 42... Rd1+ 43. Kg2 {White wants to mate with Qe2+.} Rd2+ 44. Kf1 (44. Kg1 {only move.}) 44... Kg4 {(  ...Ng3+)} 45. Qf5+ Kg3 {[%cal Og5f3]} 46. Qe5+ Kf3 {[%cal Rd2d1]} 47. Qf5+ Kg3 {[%cal Og5f3] (  ...Nf3!)} 48. Qe5+ Kf3 {[%cal Rd2d1]} 49. Qf5+ {[#]} Ke3 $1 50. Nd5+ Kd4 51. Ke1 Rxa2 {and ...Ra1+ should not be overlooked} 52. Qd7 (52. Nb4 $2 Ra1+ 53. Ke2 Ng3+ 54. Kf2 Rf1+ (54... Nxf5 55. Nc2+ Kc3 56. Nxa1 $19) 55. Kxg3 Rxf5 $19) 52... Ra1+ 53. Ke2 Ra2+ 54. Ke1 {[#]} (54. Kd1 $2 Rd2+ 55. Kc1 Ke5 $19) 54... Ra1+ ({Black should try} 54... Nc5 $1 {[%cal Rc5d7]} 55. Qd8 (55. Qf5 $2 Nce4 $19) 55... Nge6 (55... Nxb3 $2 {is the wrong capture.} 56. Nb4+ {[%csl Od4][%mdl 64] Discovered Attack (Check)} Kc4 57. Nxa2 $18)) 55. Ke2 $17 {and Ne3+ should not be overlooked. The board is on fire.} Ra2+ {White used his chance. A brilliant game!  Weighted Error Value: White=0.36/Black=0.29 (precise)} 56. Ke1 $1 ({Don't blunder} 56. Kd1 $2 Rd2+ 57. Kc1 Ke5 $19) 1/2-1/2

[Event "13th Norway Chess 2025"]
[Site "Stavanger NOR"]
[Date "2025.06.06"]
[Round "10.1"]
[White "Erigaisi, Arjun"]
[Black "Carlsen, Magnus"]
[Result "1-0"]
[WhiteElo "2782"]
[BlackElo "2837"]
[Annotator "Tactical Analysis 7.0"]
[PlyCount "67"]
[EventDate "2025.05.26"]

1. d4 Nf6 2. c4 g6 3. Nc3 Bg7 4. e4 d6 5. Be2 Nbd7 6. Be3 {E73: King's Indian: Averbakh Variation without 6...c5.} e5 7. d5 {White is more active.} (7. Nf3 $16) 7... Nc5 $14 8. Qc2 {White is slightly better. is cutting edge theory.} a5 9. Nf3 ({RR} 9. h3 b6 10. Nf3 h5 11. Nd2 h4 12. Bg5 Bh6 13. Bxh6 Rxh6 14. O-O-O Bd7 15. Rdf1 Qe7 16. b3 c6 17. f4 exf4 18. Rxf4 g5 19. Rff1 O-O-O 20. Re1 Re8 21. dxc6 Bxc6 22. Nd5 Bxd5 23. cxd5 Kb8 {Bernard,I (2077)-Deak-Sala,E (2079) Trencin SVK 2025 ½-½ (51)}) ({RR} 9. h3 b6 10. Nf3 h5 11. Nd2 h4 12. Bg5 Bh6 13. Bxh6 Rxh6 14. O-O-O Bd7 15. Rdf1 Qe7 16. b3 c6 17. f4 exf4 18. Rxf4 g5 19. Rff1 O-O-O 20. Re1 Re8 21. dxc6 Bxc6 22. Nd5 Bxd5 23. cxd5 Kb8 {Bernard,I (2077)-Deak-Sala,E (2079) Trencin SVK 2025 ½-½ (51)}) 9... Ng4 (9... b6 $14) 10. Bg5 (10. Bxc5 $16 dxc5 11. Rd1 (11. h3 Nh6 $14)) 10... f6 $11 {[%cal Bf7f6,Bf6f5,Bf5f4][%mdl 32]} 11. Bh4 $146 ({RR} 11. Bd2 f5 12. Ng5 O-O 13. O-O f4 14. Nf3 g5 15. b3 Nh6 16. Ne1 g4 17. f3 g3 18. h3 Nf7 19. Nd3 Qh4 20. Nxc5 dxc5 21. Be1 Ng5 22. Nb5 Bxh3 23. gxh3 Nxh3+ 24. Kg2 Nf2 25. Rxf2 Qh2+ {Southcott-Moyers,I (2218)-Weetik,V (2423) chess.com INT 2024 0-1}) ({RR} 11. Bd2 O-O 12. h3 Nh6 13. h4 Nf7 14. h5 f5 15. hxg6 hxg6 16. Nh4 Qf6 17. exf5 gxf5 18. g4 e4 19. O-O-O Ne5 20. Kb1 fxg4 21. Be3 Ned3 22. Rd2 Nxb2 23. Bd4 Qxd4 24. Rxd4 Bxd4 25. Kxb2 Rxf2 {Milikow,Y (2412)-Maksimovic,B (2468) chess.com INT 2022 1-0 (33)}) ({RR} 11. Bd2 O-O 12. h3 Nh6 13. h4 Nf7 14. h5 f5 15. hxg6 hxg6 16. Nh4 Qf6 17. exf5 gxf5 18. g4 e4 19. O-O-O Ne5 20. Kb1 fxg4 21. Be3 Ned3 22. Rd2 Nxb2 23. Bd4 Qxd4 24. Rxd4 Bxd4 25. Kxb2 Rxf2 {Milikow,Y (2412)-Maksimovic,B (2468) chess.com INT 2022 1-0 (33)}) ({RR} 11. Bd2 f5 12. Ng5 O-O 13. O-O f4 14. Nf3 g5 15. b3 Nh6 16. Ne1 g4 17. f3 g3 18. h3 Nf7 19. Nd3 Qh4 20. Nxc5 dxc5 21. Be1 Ng5 22. Nb5 Bxh3 23. gxh3 Nxh3+ 24. Kg2 Nf2 25. Rxf2 Qh2+ {Southcott-Moyers,I (2218)-Weetik,V (2423) chess.com INT 2024 0-1}) 11... g5 $146 ({Predecessor:} 11... h5 12. h3 Nh6 13. Nd2 Nf7 14. O-O-O {½-½ Kopjonkin,G (2345)-Kalinin,O (2420) Frydek Mistek op 1996 (9)}) 12. Bg3 f5 13. Nd2 f4 14. Bxg4 (14. h3 $14) 14... Bxg4 15. f3 $1 Bd7 $36 {[%mdl 2048] Black has the initiative.} 16. Bf2 b6 17. b3 (17. Bxc5 $11 bxc5 18. b3) 17... g4 18. O-O-O (18. h3 $1 $11) 18... Rg8 (18... Bf6 $15) 19. Kb2 gxf3 20. Nxf3 Bf6 21. Rhg1 Bg4 (21... Rg6 {deserves consideration.}) 22. a3 Qd7 23. Nb5 Ke7 (23... a4 $11) 24. Rde1 (24. b4 $1 $14) 24... Rg7 25. Nd2 Kf7 26. g3 Bh5 (26... Kg8 $11) 27. gxf4 (27. b4 $1 $14) 27... exf4+ $15 28. Bd4 {[#] Hoping for Bxf6.} Qh3 (28... Rxg1 $15 {stays ahead.} 29. Rxg1 Rg8 (29... Be5 30. Bxe5 dxe5 31. Rg5 $16) 30. Rxg8 (30. e5 Rxg1 31. Qxh7+ Kf8 $17) 30... Bxd4+ 31. Nxd4 Kxg8) 29. Bxf6 $16 (29. Nxc7 $2 Bxd4+ 30. Ka2 Bxg1 $19 (30... Rxg1 $2 31. Rxg1 Bxg1 32. Nxa8 $19)) 29... Rxg1 (29... Kxf6 $16 {is a better defense.} 30. Rxg7 {[%mdl 64] Remove Defender} Kxg7 (30... Nd3+ 31. Ka1 $16) 31. Qc3+ (31. Nxc7 Nd3+ 32. Ka2 Nxe1 $15) 31... Qxc3+ 32. Kxc3 Na6) 30. Rxg1 $18 Kxf6 31. e5+ $2 {Chess con chili.} ({White should play} 31. Nxc7 $16 Rf8 32. Qc3+ (32. e5+ dxe5 33. Qxh7 Bg4 $14) 32... Qxc3+ 33. Kxc3) 31... Kxe5 $2 {[%mdl 8192] [#]} (31... dxe5 $11 32. Qxh7 (32. Nxc7 Rh8 $17) 32... Bg4 33. Qxc7 Qe3 34. Qxb6+ (34. Rxg4 {gets mated.} Qxd2+ 35. Kb1 Qd1+ 36. Kb2 Qxb3+ 37. Kc1 Nd3+ 38. Kd2 Qb2+ {[%mdl 64] Skewer} 39. Kxd3 e4+ {[%mdl 64] Decoy} 40. Kxe4 Re8+) (34. Rg2 $2 f3 $17) 34... Kf7 35. Qc7+ (35. Rxg4 Qxd2+ 36. Kb1 Qd1+ 37. Kb2 Qxb3+ 38. Kc1 Qe3+ 39. Kd1 Qd3+ 40. Ke1 Qb1+ 41. Kd2 Ne4+ 42. Ke2 Qc2+ {[%csl Oc4,Oe2][%mdl 64] Skewer, Double Attack} 43. Ke1 Qd2+ 44. Kf1 Qd1+ 45. Kg2 f3+ 46. Kh3 Qf1+) 35... Nd7) 32. Qxh7 {White mates.} Bg4 33. Qg7+ Kf5 {An entertaining game by Erigaisi.  Weighted Error Value: White=0.28 (precise) /Black=0.45} 34. Nd4# 1-0